000 00606nam a2200241Ia 4500
003 OSt
005 20221005122041.0
006 a|||||r|||| 00| 0
007 ta
008 221004b |||||||| |||| 00| 0 eng d
024 _a44912
037 _cTextual
040 _aCRL
_cCRL
_beng
041 _2eng
_aeng
082 _aP1z, K0, K0;1, K0;2
100 _aChatterji Suniti Kumar
245 0 _aIndo-Aryan and Hindi
250 _a2nd
260 _c1960
650 _aLINGUISTICS
942 _hP1z, K0, K0;1, K0;2
_cTEXL
_2cc
999 _c1043116
_d1043116